00709nam a2200169 a 450000100100000000500170001000800410002704000250006808200150009310000360010824500720014426000760021630000350029204900090032795201860033699900170052200003139120200930062910.0110620s1954 dr ac 000 | spa d aDO-SdBNPbspacBNPHU axxxbP349r1 aPeña Roulet, Rafael de95780910aRaíz y esencia del partido dominicano /cRafael de Peña Roulet. aCiudad Trujillo, República Dominicana :bImpresora Dominicana,c1954. a32 p. :bil., retrs. ;c21 cm. aBNPD 00107-18PDaPDbPDcOId2011-06-20iLF1l0oxxx P349rp31391-10r2020-06-25w2020-06-25yLFPDzPerteneció a la biblioteca personal de Julio Ortega Frier. Dedicado.ZNo se presta c30883d30883